000 00316nam a2200121Ia 4500
008 191201s2013 xx 000 0 und d
100 _aSHARMA, Puran Chand
245 0 _aPandit Manga Ram Granthawali
260 _aN. Delhi
_bHaryana Granth Academy
_c2013
300 _a600
650 _aGeneral Books
942 _2ddc
_cBK
999 _c6719
_d6719